ბათუმის შოთა რუსთაველის სახელმწიფო უნივერსიტეტის ბიბლიოთეკა

ცხრა მთას იქით (ბიბ.ჩანაწერი № 49819)

000 -LEADER
fixed length control field 00737nam a2200229Ia 4500
001 - CONTROL NUMBER
control field 16754
003 - CONTROL NUMBER IDENTIFIER
control field GE_BSU
008 - FIXED-LENGTH DATA ELEMENTS--GENERAL INFORMATION
fixed length control field 181216s||||||||xx |||||||||||||| ||und||
040 ## - CATALOGING SOURCE
Transcribing agency GE_BSU
080 ## - UNIVERSAL DECIMAL CLASSIFICATION NUMBER
Universal Decimal Classification number 82-93:821.353.1-32
100 ## - MAIN ENTRY--PERSONAL NAME
Personal name იოსელიანი, ოტია (1930-2011)
245 ## - TITLE STATEMENT
Title ცხრა მთას იქით
245 ## - TITLE STATEMENT
Remainder of title საბავშვო მოთხრობა
245 ## - TITLE STATEMENT
Statement of responsibility, etc. რედ. ხ. ბერულავა
260 ## - PUBLICATION, DISTRIBUTION, ETC.
Place of publication, distribution, etc. თბილისი
260 ## - PUBLICATION, DISTRIBUTION, ETC.
Name of publisher, distributor, etc. ნაკადული
260 ## - PUBLICATION, DISTRIBUTION, ETC.
Date of publication, distribution, etc. 1963
300 ## - PHYSICAL DESCRIPTION
Extent 79 გვ.ილ. ; 20 სმ
653 ## - INDEX TERM--UNCONTROLLED
Uncontrolled term საბავშვო მოთხრობა
653 ## - INDEX TERM--UNCONTROLLED
Uncontrolled term ცხრა მთას იქით
942 ## - ADDED ENTRY ELEMENTS (KOHA)
Koha item type წიგნი
ეგზემპლარები
Withdrawn status Lost status Damaged status Not for loan Date acquired Barcode Date last seen Price effective from Koha item type
        2018-12-17 22201 2018-12-17 2018-12-17 წიგნი